Broodstock management and egg and larval quality (Record no. 9760)

000 -LEADER
fixed length control field 00247nam a22001217a 4500
040 ## - CATALOGING SOURCE
Transcribing agency HS
082 ## - DEWEY DECIMAL CLASSIFICATION NUMBER
Classification number 639
100 ## - MAIN ENTRY--AUTHOR NAME
Personal name NA
245 ## - TITLE STATEMENT
Title Broodstock management and egg and larval quality
260 ## - PUBLICATION, DISTRIBUTION, ETC. (IMPRINT)
Place of publication Germany
Name of publisher NA
Year of publication NA
300 ## - PHYSICAL DESCRIPTION
Number of Pages 424
942 ## - ADDED ENTRY ELEMENTS (KOHA)
Koha item type សៀវភៅភាសាអង់គ្លេស
952 ## - LOCATION AND ITEM INFORMATION (KOHA)
Withdrawn status [LOCAL, KOHA] 0
952 ## - LOCATION AND ITEM INFORMATION (KOHA)
Withdrawn status [LOCAL, KOHA] 0
952 ## - LOCATION AND ITEM INFORMATION (KOHA)
Withdrawn status [LOCAL, KOHA] 0
Holdings
Permanent Location Date acquired Koha item type Lost status Barcode Shelving location Current Location Full call number
Library Block C2016-09-08សៀវភៅភាសាអង់គ្លេស ឬូាំ០៥៦៤១៨ Library Block C639 NA NA
Library Block C2016-09-08សៀវភៅភាសាអង់គ្លេស A01588C234Library Block C639 NIA NA C234
Library Block C2016-09-08សៀវភៅភាសាអង់គ្លេស A01513C234Library Block C639 NIA NA C234
មជ្ឈមណ្ឌលឯការនៃសាកលវិទ្យាល័យភូមិន្ទកសិកម្មចំការដូង

Powered by Koha